| 000 | 01350cam a22002411i 4500 | ||
|---|---|---|---|
| 003 | SA-RiAUC | ||
| 005 | 20250604092645.0 | ||
| 008 | 250603s1999 su f f00010 ara c | ||
| 040 |
_aSA-JeALM _bara _cSA-RiAUC. _erda |
||
| 043 | _aa-su--- | ||
| 082 | 0 | 4 |
_a215.9531 _qSA-RiAUC |
| 090 |
_a215.9531 _bس ع و |
||
| 110 | 1 |
_aالسعودية. _bوزارة الشؤون الإسلامية والأوقاف والدعوة والإرشاد. _bوكالة الوزارة المساعدة لشؤون المساجد _eمؤلف. |
|
| 245 | 1 | 0 |
_aنماذج من جهود حكومة المملكة العربية السعودية في بناء المساجد داخل المملكة / _cإعداد وكالة الوزارة المساعدة لشؤون المساجد، وزارة الشؤون الإسلامية والأوقاف والدعوة والإرشاد. |
| 264 | 1 |
_aالرياض : _bوزارة الشؤون الإسلامية والأوقاف والدعوة والإرشاد، وكالة الوزارة المساعدة لشؤون المساجد، _c1999 |
|
| 300 |
_a691 صفحة ؛ _c24 سم |
||
| 336 |
_aنص _btxt _2rdacontent _3كتاب |
||
| 337 |
_aبدون وسيط _bn _2rdamedia |
||
| 338 |
_aمجلد _bnc _2rdacarrier |
||
| 650 | 7 |
_aالمساجد _zالسعودية _2aucsh |
|
| 942 |
_2ddc _cBOOK _n0 |
||
| 949 |
_aSA-JeALM _d250603 _uosman123 _n1 |
||
| 999 |
_c8723 _d8723 |
||